ბათუმის შოთა რუსთაველის სახელმწიფო უნივერსიტეტის ბიბლიოთეკა

Молекулярная генетика микробиология и вирусология №4. 2014 (ბიბ.ჩანაწერი № 46820)

000 -LEADER
fixed length control field 00677nam a2200205Ia 4500
001 - CONTROL NUMBER
control field 13671
003 - CONTROL NUMBER IDENTIFIER
control field GE_BSU
008 - FIXED-LENGTH DATA ELEMENTS--GENERAL INFORMATION
fixed length control field 181216s||||||||xx |||||||||||||| ||und||
040 ## - CATALOGING SOURCE
Transcribing agency GE_BSU
245 ## - TITLE STATEMENT
Title Молекулярная генетика микробиология и вирусология №4. 2014
245 ## - TITLE STATEMENT
Statement of responsibility, etc. Гл. ред.Костров С.В.
260 ## - PUBLICATION, DISTRIBUTION, ETC.
Place of publication, distribution, etc. Москва
260 ## - PUBLICATION, DISTRIBUTION, ETC.
Name of publisher, distributor, etc. Медицина
260 ## - PUBLICATION, DISTRIBUTION, ETC.
Date of publication, distribution, etc. 2014
300 ## - PHYSICAL DESCRIPTION
Extent 40стр.29см.
653 ## - INDEX TERM--UNCONTROLLED
Uncontrolled term Молекулярная генетика микробиология и вирусология №4. 2014
653 ## - INDEX TERM--UNCONTROLLED
Uncontrolled term Периодика
653 ## - INDEX TERM--UNCONTROLLED
Uncontrolled term პერიოდიკა
942 ## - ADDED ENTRY ELEMENTS (KOHA)
Koha item type პერიოდიკა
ეგზემპლარები
Withdrawn status Lost status Damaged status Not for loan Date acquired Barcode Date last seen Price effective from Koha item type
        2018-12-17 p76651 2018-12-17 2018-12-17 პერიოდიკა